| 000 | 00702nam a2200217Ia 4500 | ||
|---|---|---|---|
| 003 | OSt | ||
| 005 | 20220920112820.0 | ||
| 008 | 210716s2018 xx 000 0 und d | ||
| 020 | _a9789352137275 | ||
| 040 | _cAIMIT LIBRARY | ||
| 041 | _aeng | ||
| 082 |
_a005.448 _21 _bDUMG |
||
| 100 |
_aDumpleton, Graham. _957978 |
||
| 245 |
_aDeploying to openshift : _ba guide for busy developers / _cBy Graham Dumpleton. |
||
| 250 | _a1st ed. | ||
| 260 |
_aNew Delhi : _bShroff Publishers and Distributors Pvt Ltd , _c2018 . |
||
| 300 |
_axlvi, 744p. ; _bPB _c23 cm. |
||
| 650 |
_aRunning an openshift cluster _957979 |
||
| 650 |
_aWebhooks and build automation _957980 |
||
| 942 |
_2ddc _cBK _e1st _k005.448 DUMG |
||
| 999 |
_c196924 _d196924 |
||